| 000 | 00381 a2200133 4500 | ||
|---|---|---|---|
| 001 | 92295 | ||
| 082 | _aPR 2549 | ||
| 090 |
_c44250 _d44251 |
||
| 100 | _aFaisal Alnaghash; Prof Shafqat-ul-Mulk (Advisor) | ||
| 245 |
_aMultiline and Multicolor wireless LED Display Board Phase-II _n78 "B" EC |
||
| 260 |
_aIslamabad _bNUST _c2015 |
||
| 300 | _aix,54p. | ||
| 500 | _aBE Project Reports | ||
| 942 |
_aCAE NUST _kPR 2549 |
||
| 999 |
_c327368 _d327368 |
||